000 00427nam a2200133Ia 4500
008 151001s9999||||xx |||||||||||||| ||und||
100 _aस ध झांबरे
245 _aसाकेत मराठी मराठी शब्दकोश
250 _a1
260 _bसाकेत प्रकाशन प्रा लि औरंगाबाद
260 _c२०१३
300 _a377
365 _b21
999 _c1002090
_d1002087